[Event "Mecklenburg VP LL2 Ost 1819"]
[Site "Mecklenburg VP"]
[Date "2018.12.16"]
[Round "4.6"]
[White "Scheel, Manfred"]
[Black "Elsken Sicard, Fabian"]
[Result "0-1"]
[WhiteElo "1611"]
[BlackElo "1511"]
[PlyCount "82"]
[EventDate "2018.10.21"]
[EventType "team-tourn"]
[EventRounds "9"]
[EventCountry "GER"]
[SourceTitle "EXT 2022"]
[Source "ChessBase"]
[SourceDate "2021.10.06"]
[SourceVersion "1"]
[SourceVersionDate "2021.10.06"]
[SourceQuality "1"]
[WhiteTeam "Bergen Rugia"]
[BlackTeam "Rostock Makkabi"]
[WhiteTeamCountry "GER"]
[BlackTeamCountry "GER"]

1. e4 d6 2. Nf3 Nf6 3. Nc3 g6 4. Bc4 Bg7 5. 0-0 0-0 6. d3 c6 7. h3 b5 8. Bb3 Bb7 9. Ne2 c5 10. c3 Nbd7 11. Ng3 Rc8 12. Re1 Ne5 13. Nxe5 dxe5 14. Be3 a6 15. Qe2 Qc7 16. Rac1 Qd6 17. Qf1 e6 18. Bc2 Qc6 19. b3 Nd7 20. c4 b4 21. h4 f5 22. Bd2 f4 23. Ne2 Bf6 24. Kh1 Bxh4 25. Ng1 Qd6 26. Nf3 Qe7 27. Qg1 g5 28. Nxh4 gxh4 29. Qh2 Kh8 30. Rg1 Rg8 31. f3 Rg6 32. Ra1 Rcg8 33. Bxf4 exf4 34. Qxf4 e5 35. Qd2 Qf6 36. Raf1 Rg3 37. f4 h3 38. fxe5 Qxf1 39. Rxf1 hxg2+ 40. Kg1 gxf1Q+ 41. Kxf1 Rg1+ 0-1

[Event "Mecklenburg VP-ch U16"]
[Site "Malchow"]
[Date "2018.02.07"]
[Round "1.8"]
[White "Lenk, Enrico Lars"]
[Black "Elsken Sicard, Fabian"]
[Result "0-1"]
[WhiteElo "1107"]
[BlackElo "1469"]
[PlyCount "86"]
[EventDate "2018.02.07"]
[EventType "swiss"]
[EventRounds "7"]
[EventCountry "GER"]
[SourceTitle "EXT 2022"]
[Source "ChessBase"]
[SourceDate "2021.10.06"]
[SourceVersion "1"]
[SourceVersionDate "2021.10.06"]
[SourceQuality "1"]

1. e4 c5 2. Nf3 e6 3. Nc3 a6 4. Bc4 b5 5. Be2 Bb7 6. d3 Be7 7. Be3 d5 8. exd5 exd5 9. d4 c4 10. b3 Bb4 11. Bd2 Nf6 12. Rb1 Qa5 13. Na4 Bxd2+ 14. Qxd2 Qxd2+ 15. Nxd2 bxa4 16. bxc4 Bc6 17. 0-0 0-0 18. Bf3 dxc4 19. Rxb8 Raxb8 20. Bxc6 c3 21. Nb1 Rb2 22. Bxa4 Rxa2 23. Nxc3 Ra3 24. Bb3 Rc8 25. Nb1 Ra1 26. f3 Rd8 27. c3 Rb8 28. Bc2 Nd5 29. Kf2 Rb2 30. Re1 Rxc2+ 31. Kg3 g6 32. Re5 Nxc3 33. Nxc3 Rxc3 34. d5 Ra5 35. Re8+ Kg7 36. d6 Rd3 37. Rd8 Rad5 38. d7 Rxd7 39. Ra8 Ra3 40. Kg4 Rd4+ 41. f4 h5+ 42. Kg5 f6+ 43. Kh4 Rxf4+ 0-1

[Event "Rostock SSC op 16th"]
[Site "Rostock"]
[Date "2017.07.30"]
[Round "7"]
[White "Roehr, Susanne"]
[Black "Elsken Sicard, Fabian"]
[Result "1/2-1/2"]
[WhiteElo "1615"]
[BlackElo "1305"]
[PlyCount "70"]
[EventDate "2017.07.26"]
[EventType "swiss"]
[EventRounds "7"]
[EventCountry "GER"]
[SourceTitle "EXT 2018"]
[Source "ChessBase"]
[SourceDate "2017.10.13"]
[SourceVersion "1"]
[SourceVersionDate "2017.10.13"]
[SourceQuality "1"]

1. d4 Nf6 2. Nf3 g6 3. c4 Bg7 4. Nc3 0-0 5. e4 d6 6. Be2 e5 7. d5 Nbd7 8. b4 a5 9. Ba3 Nh5 10. bxa5 Rxa5 11. Bb4 Ra8 12. Qc2 Nf4 13. 0-0 Nxe2+ 14. Qxe2 f5 15. Rab1 f4 16. Rb3 g5 17. Nb5 g4 18. Ne1 h5 19. Rc3 b6 20. a3 Nb8 21. f3 Na6 22. Qd2 Qh4 23. fxg4 hxg4 24. g3 Qh7 25. Qc2 f3 26. Qf2 Bh6 27. Qc2 Nxb4 28. axb4 Ra1 29. Kf2 Rc1 30. Qd3 Bg5 31. Rh1 Rxc3 32. Nxc3 Qh6 33. Nc2 Qh3 34. Qf1 Qxf1+ 35. Rxf1 Rf7 1/2-1/2

[Event "Mecklenburg VP-ch Youth"]
[Site "Malchow"]
[Date "2017.02.16"]
[Round "5.8"]
[White "Elsken Sicard, Fabian"]
[Black "Stadach, Pepe"]
[Result "1/2-1/2"]
[WhiteElo "1304"]
[BlackElo "1220"]
[PlyCount "65"]
[EventDate "2017.02.08"]
[EventType "swiss"]
[EventRounds "7"]
[EventCountry "GER"]
[SourceTitle "EXT 2022"]
[Source "ChessBase"]
[SourceDate "2021.10.06"]
[SourceVersion "1"]
[SourceVersionDate "2021.10.06"]
[SourceQuality "1"]

1. d4 Nf6 2. c4 e6 3. Nc3 Bb4 4. a3 Bxc3+ 5. bxc3 d5 6. cxd5 exd5 7. Nf3 Bf5 8. e3 Nbd7 9. Be2 0-0 10. 0-0 Rc8 11. Bd3 Bg6 12. Bxg6 fxg6 13. Ng5 Qe7 14. Rb1 Nb6 15. Rb4 Nfd7 16. Qg4 c5 17. Rb5 cxd4 18. cxd4 Rc2 19. Rb2 Rfc8 20. Rxc2 Rxc2 21. e4 dxe4 22. Qxe4 Qxe4 23. Nxe4 Nc4 24. a4 h6 25. Rd1 Kf7 26. Nd2 Nxd2 27. Bxd2 Nb6 28. a5 Nc4 29. Bb4 Ra2 30. Rb1 Nxa5 31. Bxa5 Rxa5 32. Rxb7+ Kf6 33. f3 1/2-1/2

[Event "Mecklenburg VP U14"]
[Site "Malchow"]
[Date "2016.02.02"]
[Round "7.10"]
[White "Elsken Sicard, Fabian"]
[Black "Kunz, Nelli"]
[Result "1-0"]
[WhiteElo "1077"]
[BlackElo "971"]
[PlyCount "157"]
[EventDate "2016.02.02"]
[EventType "swiss"]
[EventRounds "7"]
[EventCountry "GER"]
[SourceTitle "EXT 2024"]
[Source "ChessBase"]
[SourceDate "2023.10.10"]
[SourceVersion "1"]
[SourceVersionDate "2023.10.10"]
[SourceQuality "1"]

1. d4 d5 2. c4 e6 3. Nc3 Nf6 4. Nf3 Nc6 5. e3 b6 6. Be2 Bd6 7. 0-0 Bb7 8. a3 Ne7 9. b4 c5 10. bxc5 bxc5 11. Rb1 Qd7 12. cxd5 Nexd5 13. Nxd5 Nxd5 14. dxc5 Nc3 15. Qc2 Nxb1 16. Qxb1 Bxc5 17. Bb5 Bc6 18. Ne5 Qd6 19. Nxc6 0-0 20. Qd3 a5 21. Qxd6 Bxd6 22. Nd4 Rfd8 23. a4 Bc5 24. Bb2 Bxd4 25. Bxd4 f6 26. f4 Rf8 27. Bc4 Rae8 28. f5 Kh8 29. fxe6 Rc8 30. Bb5 Rc7 31. Bd7 Rd8 32. e7 Rcxd7 33. exd8Q+ Rxd8 34. Bb6 Rd5 35. Rc1 Kg8 36. Rc5 Rd1+ 37. Kf2 Rd2+ 38. Kf3 Rb2 39. Bxa5 Ra2 40. Rc4 g5 41. Bd8 f5 42. Bxg5 Kf7 43. Bf4 Ke6 44. Rc6+ Kd5 45. Rd6+ Kc4 46. Rd4+ Kc3 47. Kg3 Kc2 48. Rd5 Rxa4 49. Rxf5 Ra7 50. Kg4 Kd2 51. g3 Ke2 52. Kh5 Ra6 53. Rf7 Kf2 54. Kg4 h6 55. Rh7 Kg2 56. Rxh6 Ra4 57. h4 Kf2 58. Rf6 Ke2 59. h5 Kf2 60. h6 Ra8 61. h7 Rh8 62. Rf7 Ke2 63. Kg5 Rc8 64. Kg6 Kf3 65. Kg7 Ke2 66. h8Q Rxh8 67. Kxh8 Kf2 68. g4 Kf3 69. g5 Kf2 70. g6 Kf3 71. g7 Kf2 72. g8Q Ke2 73. Bh6 Kd3 74. Qg4 Kd2 75. e4+ Kd3 76. e5 Kc2 77. Qg3 Kb2 78. Rf2+ Kb1 79. Qg1# 1-0

[Event "Mecklenburg VP U14"]
[Site "Malchow"]
[Date "2016.02.02"]
[Round "1.4"]
[White "Elsken Sicard, Fabian"]
[Black "Petrow, Jonas"]
[Result "0-1"]
[WhiteElo "1077"]
[BlackElo "1437"]
[PlyCount "92"]
[EventDate "2016.02.02"]
[EventType "swiss"]
[EventRounds "7"]
[EventCountry "GER"]
[SourceTitle "EXT 2024"]
[Source "ChessBase"]
[SourceDate "2023.10.10"]
[SourceVersion "1"]
[SourceVersionDate "2023.10.10"]
[SourceQuality "1"]

1. d4 f5 2. c4 Nf6 3. Nc3 e6 4. Nf3 b6 5. Bf4 Bb7 6. e3 Be7 7. Be2 0-0 8. 0-0 d5 9. b3 Nbd7 10. Ng5 Qb8 11. Nxe6 Rc8 12. Nb5 Ne8 13. Bg4 fxg4 14. Qxg4 Ndf6 15. Qg3 Nh5 16. Qf3 Nxf4 17. Qxf4 c6 18. Qxb8 Raxb8 19. Nxa7 Rc7 20. Nxc7 Nxc7 21. Nxc6 Bxc6 22. Rfc1 Ne6 23. cxd5 Bxd5 24. f3 Bb7 25. Rd1 Bf6 26. Rac1 Rd8 27. Rc4 h6 28. f4 Nc5 29. Rdc1 Ne4 30. Rb4 Rd6 31. Rc7 Bd5 32. Rc8+ Kh7 33. Rb8 Bd8 34. Rc8 Bh4 35. Rb5 Bf2+ 36. Kf1 Bxe3 37. Rb4 Bxf4 38. Rf8 Bxh2 39. Rb5 Nf6 40. Kf2 Bf4 41. g3 Ne4+ 42. Kg1 Bxg3 43. Rf5 Nf6 44. Kf1 g6 45. Rbxd5 Nxd5 46. Rf3 Rf6 0-1